| 000 | 00493nam a2200181Ia 4500 | ||
|---|---|---|---|
| 003 | OSt | ||
| 005 | 20260106121559.0 | ||
| 008 | 210210b1960 xxu||||| |||| 00| 0 eng d | ||
| 040 | _cAL | ||
| 041 | _aKannada | ||
| 082 | _a859/1547 | ||
| 100 |
_aRAMAMURTI (M) _9155864 _dರಾಮಮೂರ್ತಿ ಎಂ. |
||
| 245 |
_aItterige sime: _bಇತ್ತೇರಿಗೆ ಸೀಮೆ |
||
| 260 |
_aBengaluru _b- _c1960 |
||
| 690 |
_aKannada Fiction _9155865 |
||
| 906 | _a022275 | ||
| 942 |
_2ddc _cBK |
||
| 999 |
_c146418 _d146418 |
||